| 000 | 01085nam a2200205 4500 | ||
|---|---|---|---|
| 999 |
_c63814 _d63814 |
||
| 003 | Ge_BSU | ||
| 005 | 20260120213911.0 | ||
| 008 | 260120s1986 ge ||||| |||| 00| 0 geo d | ||
| 041 | _ageo | ||
| 080 | _a330.1(035) მ-82 | ||
| 245 |
_aმოკლე ეკონომიკური ცნობარი / _c[შემდგ.: ი. ბაქრაძე, პ. გარუჩავა, ჯ. კახნიაშვილი და სხვა]; რედ. ი.ქვაჩახია. |
||
| 264 |
_aთბ. : _bთბილ. უნ-ტის გამ-ბა, _c1986. |
||
| 300 |
_a96 გვ. ; _b19 სმ. |
||
| 653 | _aეკონომიკა - ცნობარები. | ||
| 700 |
_aბაქრაძე, ი. _eშემდგენელი _93093 |
||
| 700 |
_aგარუჩავა, პ. _eშემდგენელი _926711 |
||
| 700 |
_aკახნიაშვილი, ჯ. და სხვ. _eშემდგენელი _926713 |
||
| 700 |
_aქვაჩახია, ი. _eრედაქტორი _98257 |
||
| 942 |
_2udc _cᲬᲘᲒᲜᲘ |
||